Tema de análisis instrumental II
| Main Authors: | , |
|---|---|
| Format: | Section = Libro |
| Language: | Undetermined Spanish |
| Published: |
LaHabana
Unidad de producción
1986
|
| Subjects: |
| LEADER | 00544nam a2200205Ia 4500 | ||
|---|---|---|---|
| 008 | 240830s9999 xx 000 0 und d | ||
| 040 | |a CEDOC FIQ-RUSB / 543.07 G751 | ||
| 041 | |a spa | ||
| 082 | |a 543.07 G751 | ||
| 100 | 1 | |a Granda, Mayra | |
| 100 | 1 | |b Dìaz, Cristina | |
| 245 | 1 | 0 | |a Tema de análisis instrumental II |
| 260 | |a LaHabana |b Unidad de producción |c 1986 | ||
| 300 | |a 153 p. :il | ||
| 650 | 7 | |a INSTRUMENTOS-ANALISIS | |
| 650 | 7 | |b METODOS LUMINISCENTES | |
| 650 | 7 | |c FLUORESCENCIA | |
| 942 | |c BK |2 ddc | ||
| 991 | |a TEXTO | ||
| 999 | |c 13528 | ||